Determinats of migration in Brazil: regional polarization and poverty traps /
En el estudio se uso el modelo neoclásico de capital humano como base teórica para el análisis de los determinantes de la migración en Brasil. Para esto empíricamente, se aplicó una regresión múltiple del macro modelo de migración, basados en el modelo gravitacional y en la distribución de Poisson...
Uloženo v:
| Hlavní autor: | |
|---|---|
| Další autoři: | , |
| Médium: | Text |
| Témata: | |
| Tagy: |
Přidat tag
Žádné tagy, Buďte první, kdo vytvoří štítek k tomuto záznamu!
|
MARC
| LEADER | 00000 a a2200000 04500 | ||
|---|---|---|---|
| 001 | 11677 | ||
| 003 | |||
| 040 | |||
| 100 | |a Braz Golgher, Carlos | ||
| 245 | |a Determinats of migration in Brazil: regional polarization and poverty traps / |c Carlos Braz Golgher | ||
| 520 | |a En el estudio se uso el modelo neoclásico de capital humano como base teórica para el análisis de los determinantes de la migración en Brasil. Para esto empíricamente, se aplicó una regresión múltiple del macro modelo de migración, basados en el modelo gravitacional y en la distribución de Poisson | ||
| 650 | |a MIGRACION | ||
| 650 | |a CAPITAL HUMANO | ||
| 650 | |a POBREZA | ||
| 650 | |a BRASIL | ||
| 700 | |a Rosa, Carlos Henrique | ||
| 700 | |a Araéjo Junior, Ari Francisco de | ||
| 773 | |g volumen 14, número 56; páginas 135-170 | ||
| 999 | |c 19999 |d 19999 | ||
